Normal view
MARC view
Entry Topical Term
001 - CONTROL NUMBER
- control field: 26201
003 - CONTROL NUMBER IDENTIFIER
- control field: dpl
005 - DATE AND TIME OF LATEST TRANSACTION
- control field: 20110224130202.0
008 - FIXED-LENGTH DATA ELEMENTS
- fixed length control field: 110224|||a|||||| | ||| d
040 ## - CATALOGING SOURCE
- Original cataloging agency: dpl
- Transcribing agency: dpl
150 ## - HEADING--TOPICAL TERM
- Topical term or geographic name as entry element: Literuary
670 ## - SOURCE DATA FOUND
- Source citation: Work cat.: (dpl)50746: মজুমদার পম্পা 26193, রবীন্দ্র সংস্কৃতির ভাড়াটিয়া রূপ ও উত্সা , ১৯৭২
670 ## - SOURCE DATA FOUND
- Source citation: Work cat.: (dpl)50746: মজুমদার পম্পা 26193, রবীন্দ্র সংস্কৃতির ভাড়াটিয়া রূপ ও উত্সা , ১৯৭২
